| 000 | 00359pab a2200145 454500 | ||
|---|---|---|---|
| 008 | 180718b1989 xxu||||| |||| 00| 0 eng d | ||
| 100 | _aJoshi, P.L. | ||
| 245 | _aZero based budgeting and performance auditing | ||
| 260 | _c1989 | ||
| 300 | _a16-17 | ||
| 362 | _aJan. | ||
| 650 | _aZero - Base Budgeting | ||
| 773 | _aManagement Accountant | ||
| 909 | _a21299 | ||
| 999 |
_c21299 _d21299 |
||